| 000 | 00673 a2200217 4500 | ||
|---|---|---|---|
| 003 | OSt | ||
| 005 | 20180116182748.0 | ||
| 008 | 160427b xxu||||| |||| 00| 0 eng d | ||
| 020 | _a0071226699 | ||
| 020 | _a9780071226691 | ||
| 040 | _c0 | ||
| 100 | 1 | _aPring. | |
| 245 | 1 | 0 |
_aTechnical analysis explained / _cPring. |
| 260 |
_a[S.l.] : _bMcGraw-Hill Education, _c2002 |
||
| 300 | _a560 p. | ||
| 500 | _aImport. | ||
| 500 | _aPaperback. | ||
| 856 | 4 | 0 |
_3Amazon.com _uhttp://www.amazon.com/exec/obidos/ASIN/0071226699/chopaconline-20 |
| 856 | 4 | 0 |
_3Amazon customer reviews _uhttp://www.chopac.org/cgi-bin/tools/azrev.pl?q=0071226699 |
| 942 |
_aNBS _cBK _k332.6322 PRI _2ddc |
||
| 999 |
_c345574 _d345574 |
||